书目信息 |
| 题名: |
防震减灾工程研究与进展
|
|
| 作者: | 周福霖 , 张雁 主编 | |
| 分册: | ||
| 出版信息: | 北京 科学出版社 2005.11 |
|
| 页数: | 376页 | |
| 开本: | 30cm | |
| 丛书名: | ||
| 单 册: | ||
| 中图分类: | P315.9 | |
| 科图分类: | ||
| 主题词: | 地震灾害--di zhen zai hai--防治--文集 | |
| 电子资源: | ||
| ISBN: | 7-03-016456-3 | |
| 000 | 00865nam0 2200241 450 | |
| 001 | 012006640182 | |
| 005 | 20060921104127.04 | |
| 010 | @a7-03-016456-3@b精装@dCNY100.00 | |
| 100 | @a20060707d2005 km y0chiy0120 ea | |
| 101 | 0 | @achi@aeng |
| 102 | @aCN@b110000 | |
| 105 | @aak a 000yy | |
| 200 | 1 | @a防震减灾工程研究与进展@Afang zhen jian zai gong cheng yan jiu yu jin zhan@f周福霖, 张雁主编@Fzhou fu lin,zhang yan zhu bian |
| 210 | @a北京@c科学出版社@d2005.11 | |
| 215 | @a376页@c图@d30cm | |
| 320 | @a有书目。 | |
| 330 | @a本论文集共收录74篇论文,内容包括有关防震减灾工程的理论、试验、计算、设计、施工和计算机应用等方面的最新技术和成果。 | |
| 606 | 0 | @a地震灾害@Adi zhen zai hai@x防治@j文集 |
| 690 | @aP315.9@v4 | |
| 701 | 0 | @a周福霖@Azhou fu lin@4主编 |
| 701 | 0 | @a张雁@Azhang yan@4主编 |
| 801 | 0 | @aCN@bQSSK@c20060921 |
| 905 | @a10447@dP315.9@eZ763 | |
| 防震减灾工程研究与进展/周福霖, 张雁主编.-北京:科学出版社,2005.11 |
| 376页:图;30cm |
| ISBN 7-03-016456-3(精装):CNY100.00 |
| 本论文集共收录74篇论文,内容包括有关防震减灾工程的理论、试验、计算、设计、施工和计算机应用等方面的最新技术和成果。 |
| ● |
| 相关链接 |
|
|
|
正题名:防震减灾工程研究与进展
索取号:P315.9/Z763
 
预约/预借
| 序号 | 登录号 | 条形码 | 馆藏地/架位号 | 状态 | 备注 |
| 1 | 594611 | 205946119 | 自科库401/401自科库 126排2列3层/ [索取号:P315.9/Z763] | 在馆 |